Catalog

Record Details

Catalog Search



Bolest a možnosti jejího zmírnění či odstranění  Cover Image Book Book

Bolest a možnosti jejího zmírnění či odstranění / Jiří Vorlíček, Pavel Ševčík

Vorlíček, Jiří (Author). Ševčík, Pavel (Author).

Record details

  • Physical Description: 12 stran ; 21 cm
  • Publisher: Praha : Liga proti rakovině Praha, [2000]
Genre: terapie bolesti informační publikace

Available copies

  • 1 of 1 copy available at Common Catalog SPOK.

Holds

  • 0 current holds with 1 total copy.
Show Only Available Copies
Location Call Number / Copy Notes Barcode Shelving Location Status Due Date
Hospic Dobrého Pastýře PA
Tematická katagorie: Odborná - paliativní péče (PA)
204595701923 Skříň ve 2. patře (SKŘ) Available -

LDR nam a22 i 4500
00130100
003CZ-PrJAB
00520180306132633.0
007ta
008 s2000 xr e 000 0 cze
040 . ‡aABG312 ‡bcze ‡erda
072 7. ‡a616 ‡xPatologie. Klinická medicína ‡2Konspekt ‡914
1001 . ‡aVorlíček, Jiří ‡4aut
24510. ‡aBolest a možnosti jejího zmírnění či odstranění / ‡cJiří Vorlíček, Pavel Ševčík
264 1. ‡aPraha : ‡bLiga proti rakovině Praha, ‡c[2000]
300 . ‡a12 stran ; ‡c21 cm
336 . ‡atext ‡btxt ‡2rdacontent
338 . ‡asvazek ‡bnc ‡2rdacarrier
655 7. ‡aterapie bolesti ‡ainformační publikace
7001 . ‡aŠevčík, Pavel ‡4aut
910 . ‡aBNE702
901 . ‡a30100 ‡b ‡c30100 ‡tbiblio

Additional Resources